Do you know the unit circle values? Quiz Stats

 Plays Quiz not verified by Sporcle

Score 0/16 Timer 02:00
0 Plays Today
Radian (n=pi) Angle (in degrees) % Correct
n/630
96.5%
n/290
87.3%
2n/3120
87.2%
n180
85.8%
n/445
83%
5n/4225
77.3%
11n/6330
77.2%
3n/4135
70.8%
Radian (n=pi) Angle (in degrees) % Correct
n/360
70%
7n/6210
65.6%
3n/2270
64.6%
2n360
58.9%
5n/6150
56.5%
4n/3240
49.1%
7n/4315
43.6%
5n/3300
41.7%

You're not logged in!

Compare scores with friends on all Sporcle quizzes.
OR
Log In

Show Comments

Extras

Created Oct 19, 2010ReportNominate
Tags:angle, circle, degree, radian, unit

Top Quizzes Today


Score Distribution

Your Account Isn't Verified!

In order to create a playlist on Sporcle, you need to verify the email address you used during registration. Go to your Sporcle Settings to finish the process.

Report this User

Report this user for behavior that violates our Community Guidelines.

Details: